Market Research in a week (Record no. 216)

MARC details
000 -LEADER
fixed length control field 00485nam a22001817a 4500
005 - DATE AND TIME OF LATEST TRANSACTION
control field 20240219090457.0
008 - FIXED-LENGTH DATA ELEMENTS--GENERAL INFORMATION
fixed length control field 230224b |||||||| |||| 00| 0 eng d
020 ## - INTERNATIONAL STANDARD BOOK NUMBER
International Standard Book Number 9781444159646 (pbk)
040 ## - CATALOGING SOURCE
Original cataloging agency KMU
Transcribing agency KMU
050 ## - LIBRARY OF CONGRESS CALL NUMBER
Classification number HF 5415.2 Bar 2012
100 ## - MAIN ENTRY--PERSONAL NAME
Personal name Bartkowiak Judy
245 ## - TITLE STATEMENT
Title Market Research in a week
Remainder of title /Judy Bartkowiak
300 ## - PHYSICAL DESCRIPTION
Extent 121 pages.:
Dimensions 19cm
500 ## - GENERAL NOTE
General note Include glossary,questions and answers
650 ## - SUBJECT ADDED ENTRY--TOPICAL TERM
Topical term or geographic name entry element Market
650 ## - SUBJECT ADDED ENTRY--TOPICAL TERM
Topical term or geographic name entry element Research
942 ## - ADDED ENTRY ELEMENTS (KOHA)
Source of classification or shelving scheme Library of Congress Classification
Koha item type Non-Fiction
Suppress in OPAC No
Holdings
Withdrawn status Lost status Source of classification or shelving scheme Damaged status Not for loan Collection Home library Current library Shelving location Date acquired Source of acquisition Total Checkouts Full call number Barcode Date last seen Price effective from Koha item type Total Renewals Date last checked out
    Library of Congress Classification     Non-fiction Kapasa Makasa University Kapasa Makasa University Open Access 24.02.2023 Book Aid International   HF 5415.2 Bar 2012 748089 24.02.2023 24.02.2023 Non-Fiction    
    Library of Congress Classification     Non-fiction Kapasa Makasa University Kapasa Makasa University Open Access 24.02.2023 Book Aid International 1 HF 5415.2 Bar 2012 748090 22.06.2023 24.02.2023 Non-Fiction 1 22.05.2023